000 00581nam a22001937a 4500
003 OSt
005 20140310181712.0
008 121210t xxu||||| |||| 00| 0 eng d
020 _a9718927042
050 _aDS 686.614
_b.R175 1997
082 _aFIL 320.9599
_bR14 1997
245 _aLeadership for the 21st century :
_cFidel V. Ramos.
_bour labors today will shape our country's future /
260 _a[Manila] :
_bFriends of Steady Eddie,
_cc1997.
300 _a318 p. ;
_c23 cm.
521 _aBasic Ed. Students
541 _j1
562 _e1
942 _2lcc
_cBK-FIL
_kFIL
999 _c1596
_d1596